000 00561nam a2200205Ia 4500
005 20250923144251.0
008 008 250917s9999 xx 000 0 eng d
037 _aTextual
040 _aDSWL
_beng
_cDSWL
041 _aeng
_2eng
084 _aY38.2'N4, N48
_qDSWL
100 _aDesai, A.R
_9823026
245 0 _aSocial background of Indian nationals
_cby A.R Desai
260 _aBombay
_bOUP
_c1948
300 _a415 p.
365 _aINR
_b2
925 _g2
942 _cTEXL
_hY38.2'N4, N48
999 _c1436790
_d1436790